| 000 | 00776nam a22002297a 4500 | ||
|---|---|---|---|
| 003 | OSt | ||
| 005 | 20250625011311.0 | ||
| 008 | 250625b |||||||| |||| 00| 0 eng d | ||
| 020 | _a979-621-427-029-3 | ||
| 040 |
_aDWCL - Main lib _cOC |
||
| 082 | _aFil. 005.133 J11 2018 | ||
| 100 | _aAbante, Mamerlo V. | ||
| 245 |
_aJava programming/ _cMamerlo V. Abante |
||
| 260 |
_aManila, Philippines : _b Unlimited books library services & Publishing , _cc2018. |
||
| 300 |
_avi , 186 pages : _b illustrations ; _c24cm. |
||
| 650 | _a1. I. Marygin E. Sarmiento. | ||
| 650 | _a2. II. Dan Michael A. Cortez | ||
| 650 | _a3. III. Dean Myra Santos. | ||
| 650 | _a4. IV. Mark Raffy M. Neomes | ||
| 650 | _a5. Java ( Computer program language) | ||
| 942 |
_2ddc _cBK - FIL _kFil. _n0 |
||
| 999 |
_c3254 _d3254 |
||